000 00894nam a2200229Ii 4500
003 JO-AjNU
008 230605s9999||||xx |||||||||||||| ||und||
017 _a2012/6296
020 _a978-977-379-224-8
040 _aJO-AjNU
_bara
_erda
_cJO-AjNU
041 _aara
050 1 4 _aHG1616 2012
100 3 _aالعامري، رشاد نعمان شايع,
_eauthor
_943919
245 0 0 _aالخدمات المصرفية الائتمانية في البنوك الاسلامية : دراسة مقارنة في القانون والفقه الاسلامي
250 _aط1
264 3 1 _aالاسكندرية: دار الفكر الجامعي، 2012
300 _a670ص
_bيحتوي على ببلوغرافية من 623-670ص
336 _atext
_btxt
_2rdacontent
337 _aunmediated
_bn
_2rdamedia
338 _avolume
_bnc
_2rdacarrier
650 4 _aالبنوك الاسلامية
_943920
999 _aA18920
_c22488
_d22488